The Friday 10 League - week 2! Quiz Stats

 Plays Quiz not verified by Sporcle

Score 0/10 Timer 10:00
0 Plays Today
Question Answer Wrong Answers
How many residents were shareholders at one minute to midnight on 31 March 2019? 3,612
62.5%
1,847
15.6%
17
3.1%
4,789
15.6%
Nicolaus Copernicus is well known to us all as theorising the sun, not the earth, was the centre of the universe... but in what year was he born? 1473
53.1%
1658
15.6%
1526
15.6%
1789
12.5%
How many responsive repairs did we carry out last year? 20,894
50%
6,300
15.6%
10,123
31.3%
68
0%
How many calls did we receive in 2018-19? 105,534
50%
37,982
18.8%
10,789
0%
64,589
31.3%
What percentage of residents have lived in their homes for 20 or more years? 29
34.4%
20
21.9%
8
3.1%
35
37.5%
How many pieces of communications - letters, newsletters, leaflets, etc. - did the Resident Communications Group give advice on last year? 62
34.4%
33
9.4%
19
9.4%
56
43.8%
How many learning outcomes did we identify last year? 122
28.1%
5
9.4%
17
25%
36
34.4%
How many tonnes of flytipping did we collect last year? 585
28.1%
676
18.8%
767
25%
858
25%
How many Phoenix residents did we support into work last year? 22
28.1%
29
59.4%
13
0%
18
9.4%
How many major adaptations did we carry out to residents' homes to meet needs last year? 46
21.9%
165
46.9%
13
3.1%
58
25%

You're not logged in!

Compare scores with friends on all Sporcle quizzes.
OR
Log In

Sporcle TV

Today on Sporcle TV


Watch our educational content, quiz creation guides, and fun videos on Sporcle TV.

Show Comments

Extras

Created Sep 3, 2019ReportNominate
Tags:annual, friday, league, report, special, week

Top Quizzes Today


Score Distribution

Your Account Isn't Verified!

In order to create a playlist on Sporcle, you need to verify the email address you used during registration. Go to your Sporcle Settings to finish the process.

Report this User

Report this user for behavior that violates our Community Guidelines.

Details: